00285nam a2200121Ia 4500003000400000008004100004082001300045100001400058245004900072260002500121300000900146650000800155OSt191201s2014 xx 000 0 und d a150bNIP aNIRMALA,J 0aPsychology of Learning and Human Development bNeel Kamal Pubc2014 a2014 aMBA